000 00594nam a2200241Ia 4500
008 181129s9999 xx 000 0 und d
020 _a9781409350156
050 _a500
050 _bH325 2015
100 _aHart-Davis, Adam.
245 4 _aThe science book /
245 0 _cby Adam Hart-Davis.
260 _aLondon, England :
260 _bDorling Kindersley Limited,
260 _c2015
300 _a352 pages :
300 _bcolor illustrations ;
300 _c24cm.
440 _aBig ideas simply explained.
650 _aScience.
700 _aSeries.
700 _aTitle.
999 _c360164
_d360164